00521nam a2200193Ia 4500003000400000008004100004040001600045082001700061100001900078245005000097700001900147260004800166300001000214650002600224650001800250650001800268650002000286650002100306GCL140319s9999 xx 000 0 eng d aGCL / cGCL04a826.008bK O1 aKERMODE, FRANK10aTHE OXFORD BOOK OF LETTERS / cKERMODE, FRANK1 aKERMODE, ANITA a[S.N] : bOXFORD UNIVERSITY PRESS ، c1995 a559 P04aSOCIAL LIFE - CUSTOMS04aUNITED STATES04aGREAT BRITAIN04aENGLISH LITTERS04aAMERICAN LITTERS